000 02132nam a22004217a 4500
003 OSt
005 20250911174431.0
008 240207b ||||| |||| 00| 0 eng d
040 _c0
082 _aDPer 621.381 In821 April 2022 v. 37 n. 4
100 _aRodriguez, Jose.
_eauthor.
_951686
245 _aLatest advances of model predictive control in electrical drives — Part l:
_bbasic concepts and advanced strategies /
_cJose Rodriguez, Cristian Garcia, Andres Mora, Freddy Flores-Bahamonde, Pabl Acuna, Mateja Novak, Yongchang Zhang, Luca Tarisciotti, S. Alireza Davari, Zhenbin Zhang, Fengxiang Wang, Margarita Norambuena, Tomislav Dragicevic, Frede Blaabjerg, Tobias Geyer, Ralph Kennel, Davood Arab Khaburi, Mohamed Abdelrahem, Zhen Zhang, Nenad Mijatovic, and Ricardo P. Aguilera.
260 _aNew York ;
_bThe Institute of Electrical and Electronics Engineers, Inc. ,
_cApril 2022.
300 _aVolume 37, pages 3927-3942 :
_billustration ;
_c28 cm.
500 _aIEEE Transaction on Power Electronics, vol. 37, no. 4, pages 3927-3942, April 2022.
700 _aRodriguez, Jose.
_eauthor.
_951686
700 _aGarcia, Cristian.
_eauthor.
_951687
700 _aMora, Andres.
_eauthor.
_951688
700 _aFlores-Bahamonde, Freddy.
_eauthor.
_951689
700 _aAcuna, Pablo.
_eauthor.
_951690
700 _aNovak, Mateja.
_eauthor.
_951691
700 _aZhang, Yongchang.
_eauthor.
_951692
700 _aTarisciotti, Luca.
_eauthor.
_951693
700 _aDavari, S. Alireza.
_eauthor.
_951694
700 _aZhang, Zhenbin.
_eauthor.
_951695
700 _aWang, Fengxiang.
_eauthor.
_951696
700 _aNorambuena, Margarita.
_eauthor.
_951697
700 _aDragicevic, Tomislav.
_eauthor.
_951698
700 _aBlaabjerg, Frede.
_eauthor.
_951699
700 _aGeyer, Tobias.
_eauthor.
_951700
700 _aKennel, Ralph.
_eauthor.
_951701
700 _aKhaburi, Davood Arab.
_eauthor.
_951702
700 _aAbdelrahem, Mohamed.
_eauthor.
_951703
700 _aZhang, Zhen.
_eauthor.
_951704
700 _aMijatovic, Nenad.
_eauthor.
_951705
700 _aAguilera, Ricardo P.
_eauthor.
_951706
942 _2ddc
_cPER
999 _c18967
_d18967